Problematika financovania enviromentálneho projektu diplomová práca

Na minha lista:
Detalhes bibliográficos
Autor principal: Motolová, Petra
Autor Corporativo: Národohospodárska fakulta EU. Katedra financií
Outros Autores: Romančíková, Eva
Formato: Livro
Idioma:eslovaco
Publicado em: Bratislava 2008
Tags: Adicionar Tag
Sem tags, seja o primeiro a adicionar uma tag!

MARC

LEADER 00000nam$a2200000$$$4500
001 0078793
005 20240201120141.0
041 0 |a slo 
044 |a SK 
245 1 0 |a Problematika financovania enviromentálneho projektu  |b diplomová práca  |c Petra Motolová ; škol. Eva Romančíková 
264 1 |a Bratislava  |c 2008 
300 |a 59 s. 
100 1 |a Motolová, Petra 
700 1 |a Romančíková, Eva 
710 2 |a Národohospodárska fakulta EU. Katedra financií